Kitty Tippel /
Uloženo v:
| Další autoři: | , , , , , , |
|---|---|
| Médium: | |
| Jazyk: | italština |
| Vydáno: |
[S.l.! :
Rarovideo,
[2002!
|
| Tagy: |
Žádné tagy, Buďte první, kdo vytvoří štítek k tomuto záznamu!
|
MARC
| LEADER | 00000ngm a22000007i 4500 | ||
|---|---|---|---|
| 001 | IT\ICCU\UBO\1858495 | ||
| 003 | ItRI | ||
| 005 | 20260124182841.0 | ||
| 008 | 021017s2002 it |||||||||||||||k|||||c | ||
| 028 | 4 | 2 | |a RVB20054 |
| 040 | |b ita | ||
| 041 | 7 | |a ita |2 ISO-639-2 | |
| 082 | |a 791.43 |9 CINEMA |2 19 | ||
| 130 | 0 | |a Keetje Tippel <film ; 1974> |3 IT\ICCU\UBO\1858504 | |
| 245 | 0 | 0 | |a Kitty Tippel / |c regia di Paul Verhoeven ; soggetto di Neel Doff ; sceneggiatura di Gerard Soeteman. |
| 260 | |a [S.l.! : |b Rarovideo, |c [2002! | ||
| 300 | |a 1 videocassetta (VHS) (ca. 84 min.) : |b col., son | ||
| 500 | |a Interpreti: Monique van de Ven, Rutger Hauer, Andrea Domburg, Hannah de Leeuwe | ||
| 500 | |a Descrizione basata sul contenitore. | ||
| 700 | 1 | |a Hauer, Rutger |0 IT\ICCU\RAVV\088659 | |
| 700 | 1 | |a Verhoeven, Paul |0 IT\ICCU\REAV\095997 | |
| 700 | 1 | |a Doff, Neel |0 IT\ICCU\TO0V\078504 | |
| 700 | 1 | |a Soeteman, Gerard |0 IT\ICCU\UBOV\696421 | |
| 700 | 1 | |a Ven, Monique : van de, |d (1952- ) |0 IT\ICCU\UBOV\699489 | |
| 700 | 1 | |a Domburg, Andrea |0 IT\ICCU\UBOV\699490 | |
| 700 | 1 | |a Leeuwe, Hannah : de |0 IT\ICCU\UBOV\699491 | |
| 942 | |2 ddc |c VM |n 0 | ||
| 952 | |0 0 |1 0 |4 0 |6 VO_692_000000000000000 |7 0 |9 26964 |a BO |b BO |d 2026-01-24 |i 6643 |l 0 |o VO 692 |p BO6643 |r 2026-01-24 18:28:41 |w 2026-01-24 |x [Sebina 5] [1 videocassetta] |y VM |z 1 videocassetta | ||
| 999 | |c 22812 |d 22812 | ||